| 000 | 00949nam a2200205Ia 4500 | ||
|---|---|---|---|
| 003 | Ost | ||
| 005 | 20260507075110.0 | ||
| 008 | 260507s9999||||xx |||||||||||||| ||und|| | ||
| 040 | _cfsecg | ||
| 041 | _aara | ||
| 082 | _a330 | ||
| 100 |
_aسلمان، غانم محمد _eمؤلف |
||
| 245 | 0 |
_aالقرآن والاقتصاد السياسي / _c غانم محمد سلمان |
|
| 260 |
_aبيروت: _bدار الفارابي, _c1999 |
||
| 300 |
_a344 صفحة؛ _c21 سم |
||
| 520 | _aالكتاب محاولة لنشر الفكر التقدمي والعلمي المتجدد دائماً وأبداً في القرآن الكريم، وهو دعوة عامة ومناشدة لغيرنا للمساهمة في تطور الفكر الديني المعاصر، والانطلاق مع القرآن الكريم نحو آفاق المستقبل. | ||
| 653 | _aالاقتصاد السياسي | ||
| 653 | _aالقرأن | ||
| 942 | _cكتاب | ||
| 999 |
_c42896 _d42896 |
||